Statistisches Jahrbuch der Schweiz 1989

Guardado en:
Detalles Bibliográficos
Formato: Libro
Lenguaje:alemán
Publicado: Zürich Neue Zürcher Zeitung 1988
Edición:1. Aufl.
Etiquetas: Agregar Etiqueta
Sin Etiquetas, Sea el primero en etiquetar este registro!

MARC

LEADER 00000nam a2200000 4500
001 c024486
005 20221206134552.8
041 0 |a ger 
044 |a CH 
245 1 0 |a Statistisches Jahrbuch der Schweiz 1989 
250 |a 1. Aufl. 
264 1 |a Zürich  |b Neue Zürcher Zeitung  |c 1988 
300 |a 371 s.